A Librarian's Open Shelf : (Record no. 242685)
[ view plain ]
| 000 -LEADER | |
|---|---|
| fixed length control field | 01552cam a22002653a 4500 |
| 001 - CONTROL NUMBER | |
| control field | 13430 |
| 003 - CONTROL NUMBER IDENTIFIER | |
| control field | PGUSA |
| 005 - DATE AND TIME OF LATEST TRANSACTION | |
| control field | 20140828083305.0 |
| 008 - FIXED-LENGTH DATA ELEMENTS--GENERAL INFORMATION | |
| fixed length control field | 040910s2004||||xxu|||||s|||||000 1 eng d |
| 040 ## - CATALOGING SOURCE | |
| Original cataloging agency | PGUSA |
| Language of cataloging | eng |
| 042 ## - AUTHENTICATION CODE | |
| Authentication code | dc |
| 050 #4 - LIBRARY OF CONGRESS CALL NUMBER | |
| Classification number | PS |
| 100 1# - MAIN ENTRY--PERSONAL NAME | |
| Personal name | Bostwick, Arthur E. |
| Fuller form of name | (Arthur Elmore), |
| Dates associated with a name | 1860-1942 |
| 245 12 - TITLE STATEMENT | |
| Title | A Librarian's Open Shelf : |
| Remainder of title | Essays on Various Subjects |
| Medium | [electronic resource] / |
| Statement of responsibility, etc | Arthur E. Bostwick |
| 260 ## - PUBLICATION, DISTRIBUTION, ETC. (IMPRINT) | |
| Name of publisher, distributor, etc | Project Gutenberg, |
| Date of publication, distribution, etc | 2004 |
| 505 0# - FORMATTED CONTENTS NOTE | |
| Formatted contents note | Do readers read? -- What makes people read? -- The passing of the possessive; a study of book titles -- Selective education -- The uses of fiction -- The value of association -- Modern educational methods -- Some economic features of libraries -- Simon Newcomb: America's foremost astronomer -- The companionship of books -- Atomic theories of energy -- The advertisement of ideas -- The public library, the public school, and the social center movement -- The systematization of violence -- The art of re-reading -- History and heredity -- What the flag stands for -- The people's share in the public library -- Some tendencies of American thought -- Drugs and the man -- How the community educates itself -- Clubwomen's reading -- Books for tired eyes -- The magic casement -- A word to believers. |
| 506 ## - RESTRICTIONS ON ACCESS NOTE | |
| Terms governing access | Public domain in the USA. |
| 516 ## - TYPE OF COMPUTER FILE OR DATA NOTE | |
| Type of computer file or data note | Electronic text |
| 653 ## - INDEX TERM--UNCONTROLLED | |
| Uncontrolled term | Libraries |
| 653 ## - INDEX TERM--UNCONTROLLED | |
| Uncontrolled term | Education |
| 653 ## - INDEX TERM--UNCONTROLLED | |
| Uncontrolled term | Books and reading |
| 830 #0 - SERIES ADDED ENTRY--UNIFORM TITLE | |
| Uniform title | Project Gutenberg |
| Volume number/sequential designation | 13430 |
| 856 40 - ELECTRONIC LOCATION AND ACCESS | |
| Uniform Resource Identifier | <a href="http://www.gutenberg.org/ebooks/13430">http://www.gutenberg.org/ebooks/13430</a> |
| 942 ## - ADDED ENTRY ELEMENTS (KOHA) | |
| Koha item type | eBooks |
| Withdrawn status | Lost status | Damaged status | Home library | Current library | Date acquired | Total Checkouts | Date last seen | Price effective from | Koha item type |
|---|---|---|---|---|---|---|---|---|---|
| Project Gutenberg | Project Gutenberg | 08/28/2014 | 08/28/2014 | 08/28/2014 | eBooks |